Statistics for Speed Symbol by Element

Click here to take the quiz!

General Stats

  • This quiz has been taken 49,348 times
  • The average score is 63 of 118

Answer Stats

Element% Correct
HydrogenH
100%
FluorineF
99%
LithiumLi
99%
HeliumHe
99%
BoronB
99%
CarbonC
99%
NitrogenN
99%
OxygenO
99%
NeonNe
98%
BerylliumBe
98%
AluminiumAl
97%
PhosphorousP
97%
SulfurS
97%
ArgonAr
97%
CalciumCa
96%
MagnesiumMg
96%
SiliconSi
96%
ChlorineCl
96%
TitaniumTi
95%
VanadiumV
95%
CobaltCo
94%
ScandiumSc
94%
NickelNi
93%
BromineBr
91%
ChromiumCr
91%
GalliumGa
91%
KryptonKr
91%
SeleniumSe
91%
ManganeseMn
90%
GermaniumGe
90%
YttriumY
88%
IronFe
88%
ZincZn
88%
RubidiumRb
87%
ArsenicAs
87%
SodiumNa
87%
PotassiumK
86%
StrontiumSr
84%
ZirconiumZr
82%
RhodiumRh
80%
NiobiumNb
79%
CadmiumCd
78%
MolybdenumMo
77%
IndiumIn
77%
RutheniumRu
77%
CopperCu
76%
TechnetiumTc
75%
SilverAg
74%
IodineI
74%
XenonXe
74%
PalladiumPd
72%
BariumBa
71%
CesiumCs
68%
LanthanumLa
66%
CeriumCe
65%
PraseodymiumPr
61%
TelluriumTe
61%
NeodymiumNd
57%
EuropiumEu
56%
PromethiumPm
53%
SamariumSm
53%
GadoliniumGd
52%
TerbiumTb
49%
DysprosiumDy
48%
HolmiumHo
48%
ErbiumEr
48%
TinSn
47%
GoldAu
40%
LutetiumLu
39%
HafniumHf
38%
YtterbiumYb
38%
TantalumTa
36%
OsmiumOs
33%
IridiumIr
33%
ThuliumTm
32%
LeadPb
31%
PlatinumPt
30%
RheniumRe
27%
MercuryHg
27%
BismuthBi
27%
PoloniumPo
26%
AntimonySb
26%
TungstenW
26%
ThalliumTl
23%
AstatineAt
23%
FranciumFr
23%
RadiumRa
23%
RadonRn
22%
UraniumU
20%
ActiniumAc
20%
ThoriumTh
19%
NeptuniumNp
16%
PlutoniumPu
14%
AmericiumAm
14%
CuriumCm
11%
BerkeliumBk
10%
CaliforniumCf
10%
ProtactiniumPa
9%
EinsteiniumEs
9%
FermiumFm
8%
MendeleviumMd
7%
NobeliumNo
7%
LawrenciumLr
6%
DubniumDb
5%
RutherfordiumRf
5%
SeaborgiumSg
4%
BohriumBh
4%
HassiumHs
4%
MeitneriumMt
4%
DarmstadtiumDs
3%
RoentgeniumRg
3%
CoperniciumCn
3%
OganessonOg
3%
NihoniumNh
2%
FleroviumFl
2%
MoscoviumMc
2%
LivermoriumLv
2%
TennessineTs
2%

Score Distribution

Percentile by Number Answered

Percent of People with Each Score

Your Score History

You have not taken this quiz